Un Árbol : Historia y transformación de un árbol en Nicaragua
| Main Author: | |
|---|---|
| Format: | Section = Libro |
| Language: | Undetermined Spanish |
| Published: |
Managua, Nicaragua
[s.e.]
2005
|
| Subjects: |
| LEADER | 00583nam a2200205Ia 4500 | ||
|---|---|---|---|
| 008 | 240830s9999 xx 000 0 und d | ||
| 020 | |a 99924-49-24-1 | ||
| 040 | |a B-ESTELÍ- RUACS / 333.75 U54 | ||
| 041 | |a spa | ||
| 082 | |a 333.75 U54 | ||
| 100 | 1 | |a Un árbol | |
| 245 | 1 | 0 | |a Un Árbol : Historia y transformación de un árbol en Nicaragua |
| 260 | |a Managua, Nicaragua |b [s.e.] |c 2005 | ||
| 300 | |a 116 p:il | ||
| 650 | 7 | |a ARBOLES MADERABLES | |
| 650 | 7 | |b CONSERVACION DE BOSQUES-NICARAGUA | |
| 650 | 7 | |c INDUSTRIAS DE LA MADERA | |
| 942 | |c BK |2 ddc | ||
| 991 | |a TEXTO | ||
| 999 | |c 10761 | ||